Tilastot visalle Valtiot, joiden nimessä on K

Klikkaa tästä pelataksesi tätä visaa!

Yleistilastot

  • Tätä visaa on pelattu 407 kertaa
  • Keskiarvotulos 44 / 53

Vastaustilastot

vihjevaltio% Oikein
1 x KKiina
96%
1 x KKanada
95%
2 x KKongon demokraattinen tasavalta
95%
1 x KKongon tasavalta
95%
1 x KRanska
93%
1 x KKenia
92%
3 x KKreikka
92%
1 x KEtelä-Korea
90%
1 x KKosovo
90%
1 x KKroatia
90%
2 x KMarokko
90%
1 x KKuuba
89%
1 x KSaksa
89%
2 x KTurkki
89%
2 x KEtelä-Afrikka
88%
2 x KKazakstan
88%
3 x KKeski-Afrikan tasavalta
88%
1 x KKirgisia
88%
1 x KKiribati
88%
1 x KPohjois-Korea
88%
1 x KTurkmenistan
88%
1 x KUkraina
88%
1 x KUnkari
88%
1 x KKomorit
87%
1 x KKypros
87%
2 x KMeksiko
86%
1 x KTanska
86%
1 x KIrak
85%
1 x KKap Verde
85%
1 x KKolumbia
85%
1 x KSlovakia
84%
1 x KUzbekistan
84%
1 x KKamerun
83%
1 x KPakistan
83%
1 x KVatikaanivaltio
83%
1 x KKambodža
82%
1 x KTadžikistan
82%
1 x KValko-Venäjä
82%
1 x KJamaika
79%
1 x KKuwait
79%
2 x KTšekki
79%
1 x KPohjois-Makedonia
77%
1 x KSaint Kitts ja Nevis
77%
2 x KYhdistynyt kuningaskunta
77%
1 x KAlankomaat
75%
1 x KMikronesia
75%
2 x KNorsunluurannikko
75%
1 x KDominikaaninen tasavalta
71%
1 x KMadagaskar
70%
1 x KYhdistyneet arabiemiirikunnat
67%
1 x KBurkina Faso
66%
1 x KMosambik
65%
1 x KSri Lanka
62%

Tulosjakauma

Persentiili vastausten määrän mukaan

Jokaisen tuloksen saaneiden osuus

Tuloshistoriasi

Et ole pelannut tätä visaa